000 00664nam a2200205Ii 4500
003 JO-AjNU
008 230605s9999||||xx |||||||||||||| ||und||
040 _aJO-AjNU
_bara
_erda
_cJO-AjNU
041 _aara
050 1 4 _aPJ6111.A27 1987
100 3 _aتاليف ابو سعد،أحمد؛حسين شرارة,
_eauthor
_910672
245 0 0 _aدليل الإعراب والإملاء
250 _aط 10
264 3 1 _aبيروت: دار العلم للملايين، 1987
300 _a190ص
336 _atext
_btxt
_2rdacontent
337 _aunmediated
_bn
_2rdamedia
338 _avolume
_bnc
_2rdacarrier
650 4 _aاللغة العربية-النحو
_910673
999 _aA1926
_c5494
_d5494